000 01212cab a2200217 4500
001 ABS67488
008 040301n2004 000 0 eng u
035 _a(Sirsi) u125276
100 _aWells, K.
245 _aEquality of access sought
260 _c2004
490 _aEstates Gazette
_v(0407) 14 February 2004, 128(1)
520 _aLooks at how the Disability Discrimination Act 1995 should force designers and landlords to rethink their attitudes towards disabled people. Warns that the implementaion of the Act may highlight that different solutions may be required by different people. Points out that under the law, disabled people have the right to be treated as a non-disabled person. Recommends access audits to indicate property shortcomings.
590 _aABS
650 _aMANAGEMENT-BUSINESS MANAGEMENT-DISCRIMINATION-DISABILITY DISCRIMINATION-ACCESSIBILITY
650 _aDISABILITY DISCRIMINATION ACT 1995
650 _aMANAGEMENT-BUSINESS MANAGEMENT-DISCRIMINATION-DISABILITY DISCRIMINATION-ACCESSIBILITY
650 _aMANAGEMENT-BUSINESS MANAGEMENT-DISCRIMINATION-DISABILITY DISCRIMINATION-ACCESSIBILITY-ACCESS AUDITS
690 _aBUILT ENVIRONMENT-BUILDING STANDARDS
942 _n0
999 _c74198
_d74198